[Event "DEM U10w 2022"]
[Site "Willingen GER"]
[Date "2022.06.08"]
[Round "7"]
[White "Schirmbeck, Lilian"]
[Black "Margaryan, Mane"]
[Result "0-1"]
[Termination "normal"]
[Board "4"]
[WhiteElo "980"]
[BlackElo "1107"]
[WhiteClock "00:08:47"]
[BlackClock "00:24:00"]
[PlyCount "94"]
[WhiteFideId "34620532"]
[BlackFideId "16268237"]
[EventCountry "GER"]
[EventRounds "11"]
[EventType "swiss"]
[EventDate "2022.06.04"]

1. e4 {[%clk 01:15:55]} {[%emt 00:00:05]} c5 {[%clk 01:15:55]} {[%emt
00:00:06]} 2. d4 {[%clk 01:16:19]} {[%emt 00:00:05]} cxd4 {[%clk 01:15:59]}
{[%emt 00:00:26]} 3. c3 {[%clk 01:16:31]} {[%emt 00:00:17]} dxc3 {[%clk
01:16:07]} {[%emt 00:00:23]} 4. Nxc3 {[%clk 01:16:55]} {[%emt 00:00:06]} e5
{[%clk 01:15:59]} {[%emt 00:00:37]} 5. Nf3 {[%clk 01:17:14]} {[%emt 00:00:11]}
Nc6 {[%clk 01:15:37]} {[%emt 00:00:51]} 6. Bc4 {[%clk 01:14:33]} {[%emt
00:03:13]} h6 {[%clk 01:13:32]} {[%emt 00:02:34]} 7. O-O {[%clk 01:13:16]}
{[%emt 00:01:47]} Nf6 {[%clk 01:13:03]} {[%emt 00:00:59]} 8. Qe2 {[%clk
01:09:24]} {[%emt 00:04:23]} Bc5 {[%clk 01:12:16]} {[%emt 00:01:16]} 9. Rd1
{[%clk 00:50:48]} {[%emt 00:19:07]} O-O {[%clk 01:12:25]} {[%emt 00:00:20]} 10.
a3 {[%clk 00:37:59]} {[%emt 00:13:20]} a5 {[%clk 01:12:07]} {[%emt 00:00:47]}
11. Na4 {[%clk 00:36:42]} {[%emt 00:01:47]} Be7 {[%clk 01:10:56]} {[%emt
00:01:41]} 12. Be3 {[%clk 00:33:09]} {[%emt 00:04:04]} Qe8 {[%clk 01:06:09]}
{[%emt 00:05:15]} 13. Nb6 {[%clk 00:27:35]} {[%emt 00:06:06]} Rb8 {[%clk
01:05:46]} {[%emt 00:00:49]} 14. Rac1 {[%clk 00:24:32]} {[%emt 00:03:38]} Nxe4
{[%clk 01:04:07]} {[%emt 00:02:08]} 15. Bxh6 {[%clk 00:22:19]} {[%emt
00:02:43]} Nxf2 {[%clk 01:03:01]} {[%emt 00:01:35]} 16. Qxf2 {[%clk 00:21:22]}
{[%emt 00:01:28]} gxh6 {[%clk 01:02:31]} {[%emt 00:00:59]} 17. Qg3+ {[%clk
00:20:54]} {[%emt 00:00:59]} Kh8 {[%clk 01:01:25]} {[%emt 00:01:36]} 18. Nxc8
{[%clk 00:20:35]} {[%emt 00:00:47]} Rxc8 {[%clk 01:00:58]} {[%emt 00:00:58]}
19. Nxe5 {[%clk 00:20:05]} {[%emt 00:01:01]} Bc5+ {[%clk 01:00:26]} {[%emt
00:01:00]} 20. Kh1 {[%clk 00:19:51]} {[%emt 00:00:45]} Qxe5 {[%clk 00:59:38]}
{[%emt 00:01:18]} 21. Qh4 {[%clk 00:19:01]} {[%emt 00:01:20]} Qg5 {[%clk
00:58:47]} {[%emt 00:01:22]} 22. Qxg5 {[%clk 00:18:45]} {[%emt 00:00:45]} hxg5
{[%clk 00:58:52]} {[%emt 00:00:25]} 23. Rd5 {[%clk 00:19:02]} {[%emt 00:00:14]}
Be3 {[%clk 00:57:13]} {[%emt 00:02:07]} 24. Re1 {[%clk 00:19:18]} {[%emt
00:00:16]} Rfe8 {[%clk 00:53:41]} {[%emt 00:04:01]} 25. Rd3 {[%clk 00:14:42]}
{[%emt 00:05:06]} Bb6 {[%clk 00:51:32]} {[%emt 00:02:38]} 26. Rh3+ {[%clk
00:13:00]} {[%emt 00:02:13]} Kg8 {[%clk 00:49:51]} {[%emt 00:02:11]} 27. Rf1
{[%clk 00:13:19]} {[%emt 00:00:12]} Ne5 {[%clk 00:48:38]} {[%emt 00:01:39]} 28.
Bb5 {[%clk 00:13:16]} {[%emt 00:00:37]} Rcd8 {[%clk 00:44:15]} {[%emt
00:04:49]} 29. Rf5 {[%clk 00:12:47]} {[%emt 00:01:02]} Kg7 {[%clk 00:39:47]}
{[%emt 00:04:58]} 30. Rxg5+ {[%clk 00:11:50]} {[%emt 00:01:28]} Kf6 {[%clk
00:39:39]} {[%emt 00:00:37]} 31. Rgg3 {[%clk 00:09:30]} {[%emt 00:02:50]} Ng6
{[%clk 00:38:03]} {[%emt 00:02:06]} 32. Rf3+ {[%clk 00:09:46]} {[%emt
00:00:14]} Kg7 {[%clk 00:37:00]} {[%emt 00:01:32]} 33. Rhg3 {[%clk 00:09:40]}
{[%emt 00:00:37]} Re5 {[%clk 00:33:29]} {[%emt 00:03:59]} 34. Bc4 {[%clk
00:09:35]} {[%emt 00:00:37]} d5 {[%clk 00:32:58]} {[%emt 00:01:01]} 35. Bd3
{[%clk 00:09:17]} {[%emt 00:00:48]} Rc8 {[%clk 00:32:07]} {[%emt 00:01:13]} 36.
h4 {[%clk 00:08:59]} {[%emt 00:00:56]} Re1+ {[%clk 00:31:13]} {[%emt 00:01:23]}
37. Kh2 {[%clk 00:09:12]} {[%emt 00:00:18]} Bc7 {[%clk 00:30:55]} {[%emt
00:00:47]} 38. h5 {[%clk 00:07:20]} {[%emt 00:02:24]} Bxg3+ {[%clk 00:30:39]}
{[%emt 00:00:45]} 39. Rxg3 {[%clk 00:07:39]} {[%emt 00:00:11]} Rcc1 {[%clk
00:30:29]} {[%emt 00:00:36]} 40. Rg4 {[%clk 00:08:02]} {[%emt 00:00:11]} Rh1+
{[%clk 00:30:07]} {[%emt 00:00:52]} 41. Kg3 {[%clk 00:08:14]} {[%emt 00:00:18]}
Rxh5 {[%clk 00:29:50]} {[%emt 00:00:47]} 42. Be2 {[%clk 00:07:54]} {[%emt
00:00:51]} f5 {[%clk 00:26:48]} {[%emt 00:03:31]} 43. Rd4 {[%clk 00:08:09]}
{[%emt 00:00:16]} Rg5+ {[%clk 00:25:48]} {[%emt 00:01:28]} 44. Kf3 {[%clk
00:08:29]} {[%emt 00:00:10]} Rg1 {[%clk 00:24:49]} {[%emt 00:01:29]} 45. Rxd5
{[%clk 00:08:11]} {[%emt 00:00:48]} R1xg2 {[%clk 00:23:56]} {[%emt 00:01:24]}
46. Rd7+ {[%clk 00:08:31]} {[%emt 00:00:11]} Kh6 {[%clk 00:24:00]} {[%emt
00:00:24]} 47. Rxb7 {[%clk 00:08:47]} {[%emt 00:00:15]} R5g3# {[%emt 00:00:16]}
0-1

[Event "DEM U10w 2022"]
[Site "Willingen GER"]
[Date "2022.06.08"]
[Round "7"]
[White "Klymenko, Mariia"]
[Black "Nönnig, Lotte"]
[Result "0-1"]
[Termination "normal"]
[Board "6"]
[WhiteElo "871"]
[BlackElo "1049"]
[WhiteClock "00:30:15"]
[BlackClock "00:32:30"]
[PlyCount "108"]
[WhiteFideId "34620621"]
[BlackFideId "34611509"]
[EventCountry "GER"]
[EventRounds "11"]
[EventType "swiss"]
[EventDate "2022.06.04"]

1. e4 {[%clk 01:15:57]} {[%emt 00:00:02]} e5 {[%clk 01:15:56]} {[%emt
00:00:05]} 2. Nf3 {[%clk 01:16:17]} {[%emt 00:00:09]} Nc6 {[%clk 01:16:20]}
{[%emt 00:00:07]} 3. Bc4 {[%clk 01:16:34]} {[%emt 00:00:13]} Bc5 {[%clk
01:16:40]} {[%emt 00:00:10]} 4. b4 {[%clk 01:15:54]} {[%emt 00:01:10]} Bxb4
{[%clk 01:16:30]} {[%emt 00:00:40]} 5. c3 {[%clk 01:16:12]} {[%emt 00:00:11]}
Ba5 {[%clk 01:16:47]} {[%emt 00:00:14]} 6. d4 {[%clk 01:14:14]} {[%emt
00:02:29]} exd4 {[%clk 01:15:59]} {[%emt 00:01:18]} 7. O-O {[%clk 01:13:31]}
{[%emt 00:01:13]} Nge7 {[%clk 01:13:05]} {[%emt 00:03:24]} 8. cxd4 {[%clk
01:07:25]} {[%emt 00:06:35]} d5 {[%clk 01:09:56]} {[%emt 00:03:39]} 9. exd5
{[%clk 01:05:44]} {[%emt 00:02:10]} Nxd5 {[%clk 01:09:33]} {[%emt 00:00:50]}
10. Qb3 {[%clk 01:04:47]} {[%emt 00:01:26]} Be6 {[%clk 01:07:10]} {[%emt
00:02:58]} 11. Re1 {[%clk 01:02:42]} {[%emt 00:02:30]} Bxe1 {[%clk 01:07:11]}
{[%emt 00:00:34]} 12. Nxe1 {[%clk 01:00:29]} {[%emt 00:02:43]} O-O {[%clk
01:04:10]} {[%emt 00:03:31]} 13. Nf3 {[%clk 00:56:59]} {[%emt 00:03:59]} Na5
{[%clk 01:00:46]} {[%emt 00:03:56]} 14. Qd3 {[%clk 00:56:31]} {[%emt 00:00:55]}
Nxc4 {[%clk 00:59:41]} {[%emt 00:01:38]} 15. Qxc4 {[%clk 00:56:40]} {[%emt
00:00:19]} Nf4 {[%clk 00:58:38]} {[%emt 00:01:32]} 16. Qc2 {[%clk 00:54:25]}
{[%emt 00:02:41]} Bg4 {[%clk 00:54:44]} {[%emt 00:04:28]} 17. Ne5 {[%clk
00:51:51]} {[%emt 00:03:01]} Ne2+ {[%clk 00:49:52]} {[%emt 00:05:27]} 18. Kf1
{[%clk 00:50:07]} {[%emt 00:02:10]} Nxc1 {[%clk 00:50:01]} {[%emt 00:00:24]}
19. Nxg4 {[%clk 00:43:30]} {[%emt 00:07:08]} Qxd4 {[%clk 00:50:09]} {[%emt
00:00:22]} 20. Nc3 {[%clk 00:42:36]} {[%emt 00:01:17]} Nxa2 {[%clk 00:49:29]}
{[%emt 00:01:18]} 21. Qxa2 {[%clk 00:41:01]} {[%emt 00:02:04]} Qxg4 {[%clk
00:47:41]} {[%emt 00:02:18]} 22. Rd1 {[%clk 00:40:09]} {[%emt 00:01:10]} Rad8
{[%clk 00:45:57]} {[%emt 00:02:26]} 23. Qc2 {[%clk 00:38:56]} {[%emt 00:01:24]}
Rxd1+ {[%clk 00:45:03]} {[%emt 00:01:42]} 24. Nxd1 {[%clk 00:39:07]} {[%emt
00:00:19]} h6 {[%clk 00:43:28]} {[%emt 00:02:07]} 25. Ne3 {[%clk 00:37:05]}
{[%emt 00:02:29]} Qe6 {[%clk 00:42:36]} {[%emt 00:01:07]} 26. h3 {[%clk
00:35:33]} {[%emt 00:02:17]} Re8 {[%clk 00:41:15]} {[%emt 00:01:51]} 27. Qxc7
{[%clk 00:33:50]} {[%emt 00:02:11]} f5 {[%clk 00:41:07]} {[%emt 00:00:40]} 28.
Qg3 {[%clk 00:32:19]} {[%emt 00:02:02]} Qe4 {[%clk 00:39:59]} {[%emt 00:01:38]}
29. Qf3 {[%clk 00:27:57]} {[%emt 00:04:51]} Qxf3 {[%clk 00:36:15]} {[%emt
00:04:15]} 30. gxf3 {[%clk 00:28:15]} {[%emt 00:00:12]} a5 {[%clk 00:36:18]}
{[%emt 00:00:28]} 31. Nc4 {[%clk 00:28:08]} {[%emt 00:00:35]} a4 {[%clk
00:36:20]} {[%emt 00:00:30]} 32. f4 {[%clk 00:27:54]} {[%emt 00:00:36]} Ra8
{[%clk 00:36:28]} {[%emt 00:00:28]} 33. Na3 {[%clk 00:27:34]} {[%emt 00:00:47]}
b5 {[%clk 00:36:09]} {[%emt 00:00:54]} 34. Nxb5 {[%clk 00:27:50]} {[%emt
00:00:14]} a3 {[%clk 00:36:27]} {[%emt 00:00:12]} 35. Nxa3 {[%clk 00:28:14]}
{[%emt 00:00:06]} Rxa3 {[%clk 00:36:51]} {[%emt 00:00:06]} 36. Kg2 {[%clk
00:28:19]} {[%emt 00:00:22]} g5 {[%clk 00:36:19]} {[%emt 00:01:03]} 37. fxg5
{[%clk 00:28:24]} {[%emt 00:00:26]} hxg5 {[%clk 00:36:32]} {[%emt 00:00:18]}
38. f3 {[%clk 00:28:39]} {[%emt 00:00:13]} Kg7 {[%clk 00:36:13]} {[%emt
00:00:49]} 39. Kg3 {[%clk 00:28:20]} {[%emt 00:00:50]} Ra2 {[%clk 00:34:53]}
{[%emt 00:01:50]} 40. h4 {[%clk 00:28:18]} {[%emt 00:00:33]} gxh4+ {[%clk
00:34:38]} {[%emt 00:00:46]} 41. Kxh4 {[%clk 00:28:35]} {[%emt 00:00:09]} Rg2
{[%clk 00:33:50]} {[%emt 00:01:13]} 42. Kh3 {[%clk 00:28:54]} {[%emt 00:00:17]}
Rg6 {[%clk 00:34:07]} {[%emt 00:00:12]} 43. Kh4 {[%clk 00:29:15]} {[%emt
00:00:12]} Kf6 {[%clk 00:34:17]} {[%emt 00:00:16]} 44. Kh5 {[%clk 00:29:17]}
{[%emt 00:00:25]} Rg1 {[%clk 00:34:27]} {[%emt 00:00:26]} 45. Kh4 {[%clk
00:29:41]} {[%emt 00:00:07]} Ke5 {[%clk 00:34:37]} {[%emt 00:00:17]} 46. Kh5
{[%clk 00:29:41]} {[%emt 00:00:32]} Kf4 {[%clk 00:33:28]} {[%emt 00:01:40]} 47.
Kh6 {[%clk 00:29:50]} {[%emt 00:00:20]} Kxf3 {[%clk 00:33:30]} {[%emt
00:00:28]} 48. Kh5 {[%clk 00:29:03]} {[%emt 00:01:13]} f4 {[%clk 00:33:05]}
{[%emt 00:00:58]} 49. Kh4 {[%clk 00:29:17]} {[%emt 00:00:14]} Ke2 {[%clk
00:31:53]} {[%emt 00:01:46]} 50. Kh3 {[%clk 00:29:30]} {[%emt 00:00:16]} f3
{[%clk 00:31:44]} {[%emt 00:00:40]} 51. Kh4 {[%clk 00:29:44]} {[%emt 00:00:15]}
f2 {[%clk 00:31:58]} {[%emt 00:00:17]} 52. Kh3 {[%clk 00:29:56]} {[%emt
00:00:13]} f1=Q+ {[%clk 00:32:17]} {[%emt 00:00:13]} 53. Kh4 {[%clk 00:30:14]}
{[%emt 00:00:13]} Rg2 {[%clk 00:32:07]} {[%emt 00:00:40]} 54. Kh3 {[%clk
00:30:15]} {[%emt 00:00:28]} Qh1+ {[%clk 00:32:30]} {[%emt 00:00:10]} 0-1

[Event "DEM U10w 2022"]
[Site "Willingen GER"]
[Date "2022.06.08"]
[Round "7"]
[White "Mersmann, Jasmin"]
[Black "Weyerer, Elea"]
[Result "1-0"]
[Termination "normal"]
[Board "7"]
[WhiteElo "1099"]
[BlackElo "876"]
[WhiteClock "01:02:51"]
[BlackClock "00:57:02"]
[PlyCount "93"]
[WhiteFideId "34630287"]
[BlackFideId "34605770"]
[EventCountry "GER"]
[EventRounds "11"]
[EventType "swiss"]
[EventDate "2022.06.04"]

1. e4 {[%clk 01:15:55]} {[%emt 00:00:04]} e6 {[%clk 01:15:55]} {[%emt
00:00:06]} 2. d4 {[%clk 01:16:12]} {[%emt 00:00:13]} d5 {[%clk 01:16:19]}
{[%emt 00:00:05]} 3. e5 {[%clk 01:16:32]} {[%emt 00:00:11]} c5 {[%clk
01:16:39]} {[%emt 00:00:09]} 4. c3 {[%clk 01:16:34]} {[%emt 00:00:28]} Qb6
{[%clk 01:16:49]} {[%emt 00:00:19]} 5. Nf3 {[%clk 01:16:22]} {[%emt 00:00:44]}
Bd7 {[%clk 01:17:00]} {[%emt 00:00:18]} 6. Be2 {[%clk 01:16:22]} {[%emt
00:00:31]} Bb5 {[%clk 01:17:13]} {[%emt 00:00:17]} 7. O-O {[%clk 01:14:48]}
{[%emt 00:02:04]} Bxe2 {[%clk 01:16:59]} {[%emt 00:00:44]} 8. Qxe2 {[%clk
01:14:58]} {[%emt 00:00:18]} Nc6 {[%clk 01:16:48]} {[%emt 00:00:42]} 9. Rd1
{[%clk 01:13:55]} {[%emt 00:01:34]} cxd4 {[%clk 01:16:26]} {[%emt 00:00:52]}
10. cxd4 {[%clk 01:13:26]} {[%emt 00:00:59]} Nge7 {[%clk 01:16:35]} {[%emt
00:00:19]} 11. Na3 {[%clk 01:13:38]} {[%emt 00:00:20]} Nf5 {[%clk 01:15:26]}
{[%emt 00:01:38]} 12. Nc2 {[%clk 01:13:05]} {[%emt 00:01:04]} Rc8 {[%clk
01:14:52]} {[%emt 00:01:04]} 13. Rb1 {[%clk 01:13:23]} {[%emt 00:00:12]} Be7
{[%clk 01:13:26]} {[%emt 00:01:53]} 14. Be3 {[%clk 01:12:40]} {[%emt 00:01:16]}
O-O {[%clk 01:12:40]} {[%emt 00:01:12]} 15. Qd3 {[%clk 01:09:07]} {[%emt
00:04:06]} f6 {[%emt 00:01:51]} 16. a3 {[%clk 01:08:12]} {[%emt 00:01:12]} fxe5
{[%clk 01:11:25]} {[%emt 00:00:37]} 17. dxe5 {[%clk 01:08:22]} {[%emt
00:00:21]} Qc7 {[%clk 01:10:32]} {[%emt 00:01:19]} 18. Rbc1 {[%clk 01:08:27]}
{[%emt 00:00:29]} Nxe5 {[%clk 01:10:19]} {[%emt 00:00:41]} 19. Nxe5 {[%clk
01:08:13]} {[%emt 00:00:45]} Qxe5 {[%clk 01:10:08]} {[%emt 00:00:41]} 20. Bd4
{[%clk 01:06:52]} {[%emt 00:01:51]} Nxd4 {[%clk 01:09:30]} {[%emt 00:01:09]}
21. Nxd4 {[%clk 01:06:40]} {[%emt 00:00:41]} Rxc1 {[%clk 01:08:43]} {[%emt
00:01:18]} 22. Rxc1 {[%clk 01:05:28]} {[%emt 00:01:41]} Qf4 {[%clk 01:07:29]}
{[%emt 00:01:43]} 23. Rf1 {[%clk 01:04:50]} {[%emt 00:01:08]} Bd6 {[%clk
01:06:46]} {[%emt 00:01:10]} 24. Nf3 {[%clk 01:04:14]} {[%emt 00:01:11]} e5
{[%clk 01:05:57]} {[%emt 00:01:18]} 25. Qxd5+ {[%clk 01:04:09]} {[%emt
00:00:35]} Kh8 {[%clk 01:02:32]} {[%emt 00:03:56]} 26. Qxd6 {[%clk 01:04:05]}
{[%emt 00:00:33]} e4 {[%clk 01:02:26]} {[%emt 00:00:35]} 27. Qxf4 {[%clk
01:03:32]} {[%emt 00:01:04]} Rxf4 {[%clk 01:02:48]} {[%emt 00:00:08]} 28. Nd2
{[%clk 01:03:38]} {[%emt 00:00:24]} Rg4 {[%clk 01:01:32]} {[%emt 00:01:43]} 29.
Rc1 {[%clk 01:03:48]} {[%emt 00:00:23]} Kg8 {[%clk 00:59:11]} {[%emt 00:02:50]}
30. f3 {[%clk 01:03:37]} {[%emt 00:00:42]} exf3 {[%clk 00:57:34]} {[%emt
00:02:07]} 31. Nxf3 {[%clk 01:02:32]} {[%emt 00:01:35]} Re4 {[%clk 00:54:16]}
{[%emt 00:03:45]} 32. Rc8+ {[%clk 00:59:55]} {[%emt 00:03:10]} Kf7 {[%clk
00:54:35]} {[%emt 00:00:11]} 33. Ng5+ {[%clk 01:00:20]} {[%emt 00:00:05]} Kg6
{[%clk 00:54:49]} {[%emt 00:00:15]} 34. Nxe4 {[%clk 01:00:46]} {[%emt
00:00:05]} Kf5 {[%clk 00:54:54]} {[%emt 00:00:26]} 35. Ng3+ {[%clk 01:00:59]}
{[%emt 00:00:17]} Kf6 {[%clk 00:55:07]} {[%emt 00:00:14]} 36. Rc7 {[%clk
01:01:21]} {[%emt 00:00:10]} Kg6 {[%clk 00:55:18]} {[%emt 00:00:19]} 37. Rxb7
{[%clk 01:01:46]} {[%emt 00:00:05]} a5 {[%clk 00:54:26]} {[%emt 00:01:23]} 38.
Ra7 {[%clk 01:00:18]} {[%emt 00:01:58]} a4 {[%clk 00:54:14]} {[%emt 00:00:42]}
39. Rxa4 {[%clk 01:00:42]} {[%emt 00:00:05]} Kf6 {[%clk 00:54:30]} {[%emt
00:00:13]} 40. Re4 {[%clk 01:01:00]} {[%emt 00:00:13]} Kg5 {[%clk 00:54:48]}
{[%emt 00:00:12]} 41. b4 {[%clk 01:01:22]} {[%emt 00:00:08]} h5 {[%clk
00:55:05]} {[%emt 00:00:12]} 42. h4+ {[%clk 01:01:30]} {[%emt 00:00:24]} Kg6
{[%clk 00:55:25]} {[%emt 00:00:10]} 43. b5 {[%clk 01:01:51]} {[%emt 00:00:09]}
Kh6 {[%clk 00:55:48]} {[%emt 00:00:06]} 44. b6 {[%clk 01:02:17]} {[%emt
00:00:04]} g6 {[%clk 00:56:13]} {[%emt 00:00:05]} 45. b7 {[%clk 01:02:40]}
{[%emt 00:00:08]} Kg7 {[%clk 00:56:37]} {[%emt 00:00:05]} 46. b8=Q {[%clk
01:03:01]} {[%emt 00:00:09]} Kf6 {[%clk 00:57:02]} {[%emt 00:00:05]} 47. Qf8#
{[%clk 01:02:51]} {[%emt 00:00:39]} 1-0

[Event "DEM U10w 2022"]
[Site "Willingen GER"]
[Date "2022.06.08"]
[Round "7"]
[White "Burchardi, Helena"]
[Black "Berger, Jennifer"]
[Result "1-0"]
[Termination "normal"]
[Board "8"]
[WhiteElo "802"]
[BlackElo "1046"]
[WhiteClock "00:41:15"]
[BlackClock "00:48:22"]
[PlyCount "77"]
[WhiteFideId "34636374"]
[BlackFideId "34630074"]
[EventCountry "GER"]
[EventRounds "11"]
[EventType "swiss"]
[EventDate "2022.06.04"]

1. e4 {[%clk 01:15:56]} {[%emt 00:00:02]} e5 {[%clk 01:15:51]} {[%emt
00:00:10]} 2. Nf3 {[%clk 01:16:18]} {[%emt 00:00:08]} Nc6 {[%clk 01:16:12]}
{[%emt 00:00:09]} 3. Bc4 {[%clk 01:16:40]} {[%emt 00:00:08]} Bc5 {[%clk
01:16:26]} {[%emt 00:00:16]} 4. c3 {[%clk 01:16:59]} {[%emt 00:00:11]} Qf6
{[%clk 01:16:48]} {[%emt 00:00:08]} 5. d4 {[%clk 01:16:20]} {[%emt 00:01:09]}
exd4 {[%clk 01:17:06]} {[%emt 00:00:11]} 6. O-O {[%clk 01:16:24]} {[%emt
00:00:25]} d6 {[%clk 01:17:28]} {[%emt 00:00:10]} 7. Bg5 {[%clk 01:15:52]}
{[%emt 00:00:59]} Qg6 {[%clk 01:17:33]} {[%emt 00:00:27]} 8. Re1 {[%clk
01:15:31]} {[%emt 00:00:51]} dxc3 {[%clk 01:17:45]} {[%emt 00:00:18]} 9. Nxc3
{[%clk 01:15:41]} {[%emt 00:00:19]} Bg4 {[%clk 01:18:00]} {[%emt 00:00:16]} 10.
Be3 {[%clk 01:15:18]} {[%emt 00:00:50]} O-O-O {[%clk 01:17:29]} {[%emt
00:01:05]} 11. a3 {[%clk 01:13:47]} {[%emt 00:01:52]} Nd4 {[%clk 01:16:02]}
{[%emt 00:02:05]} 12. Bxd4 {[%clk 01:12:54]} {[%emt 00:01:23]} Bxd4 {[%clk
01:15:01]} {[%emt 00:01:31]} 13. Qd3 {[%clk 01:12:25]} {[%emt 00:00:55]} Be5
{[%clk 01:14:52]} {[%emt 00:00:43]} 14. Nxe5 {[%clk 01:12:11]} {[%emt
00:00:40]} dxe5 {[%clk 01:15:11]} {[%emt 00:00:15]} 15. Qe3 {[%clk 01:12:03]}
{[%emt 00:00:35]} Kb8 {[%clk 01:14:53]} {[%emt 00:00:51]} 16. b4 {[%clk
01:11:01]} {[%emt 00:01:32]} h5 {[%clk 01:15:09]} {[%emt 00:00:14]} 17. Qc5
{[%clk 01:05:25]} {[%emt 00:06:04]} h4 {[%clk 01:14:59]} {[%emt 00:00:43]} 18.
Nb5 {[%clk 01:05:22]} {[%emt 00:00:32]} Qb6 {[%clk 01:13:50]} {[%emt 00:01:39]}
19. Qxe5 {[%clk 01:04:57]} {[%emt 00:00:55]} Nf6 {[%clk 01:13:18]} {[%emt
00:01:03]} 20. Bxf7 {[%clk 01:02:37]} {[%emt 00:02:50]} Rd2 {[%clk 01:09:06]}
{[%emt 00:04:42]} 21. Qf4 {[%clk 00:59:14]} {[%emt 00:03:48]} a6 {[%clk
01:07:19]} {[%emt 00:02:22]} 22. Qxd2 {[%clk 00:59:03]} {[%emt 00:00:39]} Qxb5
{[%clk 01:06:47]} {[%emt 00:00:57]} 23. a4 {[%clk 00:58:47]} {[%emt 00:00:51]}
Qc6 {[%clk 01:06:26]} {[%emt 00:00:52]} 24. Rec1 {[%clk 00:58:36]} {[%emt
00:00:41]} Qb6 {[%clk 01:05:52]} {[%emt 00:01:03]} 25. Qf4 {[%clk 00:55:12]}
{[%emt 00:03:55]} Rf8 {[%clk 01:05:04]} {[%emt 00:01:19]} 26. Bc4 {[%clk
00:54:17]} {[%emt 00:01:20]} Qd4 {[%clk 01:03:11]} {[%emt 00:02:28]} 27. b5
{[%clk 00:49:59]} {[%emt 00:04:48]} a5 {[%clk 01:01:49]} {[%emt 00:01:51]} 28.
Bd5 {[%clk 00:48:01]} {[%emt 00:02:29]} Rc8 {[%clk 00:58:14]} {[%emt 00:04:04]}
29. h3 {[%clk 00:46:22]} {[%emt 00:02:11]} Bd7 {[%clk 00:56:19]} {[%emt
00:02:24]} 30. Qg5 {[%clk 00:45:18]} {[%emt 00:01:33]} Rg8 {[%clk 00:55:25]}
{[%emt 00:01:24]} 31. Bxg8 {[%clk 00:45:14]} {[%emt 00:00:33]} Nxe4 {[%clk
00:53:00]} {[%emt 00:02:56]} 32. Qe3 {[%clk 00:43:16]} {[%emt 00:02:28]} Qb4
{[%clk 00:51:34]} {[%emt 00:01:52]} 33. Rd1 {[%clk 00:42:53]} {[%emt 00:00:48]}
Bf5 {[%clk 00:50:58]} {[%emt 00:01:09]} 34. Rd8+ {[%clk 00:42:56]} {[%emt
00:00:32]} Bc8 {[%clk 00:50:45]} {[%emt 00:00:44]} 35. Be6 {[%clk 00:43:03]}
{[%emt 00:00:22]} Nd6 {[%clk 00:50:34]} {[%emt 00:00:40]} 36. Rd1 {[%clk
00:42:54]} {[%emt 00:00:41]} b6 {[%clk 00:50:26]} {[%emt 00:00:38]} 37. R1xd6
{[%clk 00:42:17]} {[%emt 00:01:07]} cxd6 {[%clk 00:49:03]} {[%emt 00:01:53]}
38. Qxb6+ {[%clk 00:41:15]} {[%emt 00:01:32]} Ka8 {[%clk 00:48:22]} {[%emt
00:01:11]} 39. Rxc8# {[%emt 00:00:10]} 1-0